| 000 | 00649nam a2200253Ia 4500 | ||
|---|---|---|---|
| 008 | 180628s9999 xx 000 0 und d | ||
| 020 | _a978-981-4763-83-7 | ||
| 050 | _aComSc QA 76.76 | ||
| 050 | _b.H94V63 2017 | ||
| 100 | _aVodnik, Sasha. | ||
| 245 | 0 | _aHTML5 and CSS3 : | |
| 245 | 0 | _bintroductory / | |
| 245 | 0 | _cSasha Vodnik. | |
| 250 | _a2nd Edition. | ||
| 260 | _aAndover : | ||
| 260 | _bCengage Learning Asia, | ||
| 260 | _c2017 | ||
| 300 | _a233 pages : | ||
| 300 | _billustrations ; | ||
| 300 | _c26 cm. | ||
| 500 | _aIncludes index. | ||
| 650 | _aHTML (Document markup language). | ||
| 650 | _xCascading style sheets. | ||
| 999 |
_c358096 _d358096 |
||